000 00425nam a2200157Ia 4500
003 IQ-KOUCL
041 _aKurdish
082 _a891,1 cut-928 ع
100 _a20260118u\\\\\\\\\\\y0engy0103\\\\ba
100 _aعومەر عەبدولکەریم
245 0 _aدیوانى کەسان
250 _aچ1
260 _bجابخانە ى کەکۆن
_aالسليمانية - العراق
_c2018
300 _a388
942 _cBk
999 _c186532
_d186532